00465 2200181 4500001002100000005001500021035001900036245005800055100002100113250000500134300003800139260003900177082000700216084001300223020002100236990001300257990001300270INLIS00000000000066920220113085325$a 0010-0122000003$a Komik Next G: Perginya sahabatku /$c Inge syahla keary$a Inge syahla keary$a 2$a 96 hlm : $b ilus ; $c 41.5 x 21 cm$a Bandung :$b Muffin graphics,$c 2021$a 813$a 813 ING k$a 978-602-367-906-5$a 0302/2021$a 0303/2021